Célébrités enterrés au Pere Lachaise - Statistiques

Statistiques générales
  • Ce quiz a été pris 89 fois
  • Le résultat moyen est 12 sur 27
Statistiques - réponses
Indices N/D Prénom Nom % Correct
Romancier, journaliste, imprimeur, critique littéraire. 1799-1850 Honoré de BALZAC
91%
Comédien, dramaturge. 1622-1673 Jean-Baptiste Poquelin MOLIÈRE
88%
Chanteuse, parolière, compositrice, actrice. 1915-1963 Édith PIAF
87%
Poète, renommé pour ses fables. 1621-1695 Jean de LA FONTAINE
82%
Homme d’État français, fut président de la République. 1841-1899 Félix FAURE
77%
Écrivain. Madeleine de ... 1871-1922 Marcel PROUST
75%
Poète, écrivain, critique et théoricien d’art. 1880-1918 Guillaume APOLLINAIRE
73%
Peintre. 1798-1863 Eugène DELACROIX
68%
Auteure-compositrice-interprète, écrivaine, chanteuse, astrologue, actrice. 1944-2024 Françoise HARDY
66%
Compositeur, pianiste virtuose, franco-polonais. 1810-1849 Frédéric CHOPIN
65%
Acteur, metteur en scène, producteur. 1933-2021 Jean-Paul BELMONDO
57%
Acteur, réalisateur, scénariste. 1952-2024 Michel BLANC
56%
Avocat, journaliste, historien, homme d’État. 1797-1877 Adolphe THIERS
47%
Poète. 1895-1952 Paul ÉLUARD
45%
Auteur, compositeur, interprète, humoriste, musicien. 1917-2008 Henri SALVADOR
45%
Saxophoniste, chanteur camerounais de world jazz. 1933-2020 Manu DIBANGO
32%
Homme de cirque, clown, acrobate, dompteur, mime, acteur, trompettiste, saxophoniste. 1915-1993 Achille ZAVATTA
31%
Haut fonctionnaire, homme politique français. 1809-1891 (Baron) Georges Eugène HAUSSMANN
29%
Banquier, fondateur de la branche de Paris de la famille Rothschild. 1792-1868 James Mayer ROTHSCHILD
29%
Animateur, producteur TV-radio, chanteur, écrivain. 1929-2018 Pierre BELLEMARE
25%
Industriel, fondateur des automobiles... 1881-1947 Ettore BUGATTI
22%
Acteur, pilote automobile. 1936-2020 Claude BRASSEUR
18%
Peintre, sculpteur, dessinateur, lithographe. 1791-1824 Théodore GÉRICAULT
13%
Écrivain, dramaturge, musicien, homme d’affaires. 1732-1799 Pierre-Augustin Caron de BEAUMARCHAIS
12%
Pharmacien militaire, agronome, nutritionniste. 1737-1813 Antoine Augustin PARMENTIER
6%
Militaire, maréchal d’Empire. 1758-1817 André MASSÉNA
0%
Écrivain, journaliste, homme politique, participa à la fondation du Parti communiste français. 1892-1937 Paul VAILLANT-COUTURIER
0%
Aucun quiz correspondant
Distribution des résultats
% des personnes avec chaque résultat
Percentile par nombre de réponses
Votre historique - résultats
Vous n’avez pas pris ce quiz